UEFA Champions League Losers - Statistics

General Stats
  • This quiz has been taken 77 times
  • The average score is 25 of 36
Answer Stats
Team Finals Lost % Correct
Barcelona 3
96%
Juventus 7
96%
Liverpool 4
96%
Manchester City 1
96%
Borussia Dortmund 2
95%
Real Madrid 3
95%
Bayern Munich 5
93%
Manchester United 2
93%
Inter Milan 2
92%
Atletico Madrid 3
89%
Paris Saint-Germain 1
89%
Ajax Amsterdam 2
88%
Benfica 5
88%
Chelsea 1
88%
Arsenal 1
86%
Tottenham Hotspur 1
85%
Milan 4
84%
Olympique Marseille 1
81%
Roma 1
74%
Valencia 2
71%
Monaco 1
70%
Celtic 1
68%
Bayer Leverkusen 1
64%
Hamburg 1
64%
Fiorentina 1
49%
Leeds United 1
48%
Eintracht Frankfurt 1
47%
Steaua Bucuresti 1
45%
Borussia Monchengladbach 1
44%
Mälmo FF 1
44%
Saint-Étienne 1
40%
Stade Reims 2
40%
Sampdoria 1
37%
Club Brugge 1
36%
Panathinaikos 1
32%
Partizan Belgrade 1
32%
No matching quizzes found
Score Distribution
Percent of People with Each Score
Percentile by Number Answered
Your Score History
You have not taken this quiz